000 01417nam a2200253Ia 4500
999 _c37797
_d37797
001 3774
003 GE_BSU
005 20190807155611.0
008 181216s1981||||ge |||||||||||||| ||geo||
040 _cGE_BSU
041 _ageo
080 _a070(479.22) ქ–27
245 _aქართული ჟურნალისტიკის ნარკვევები :
_bკრ. 3. /
_cრ. ჩხარტიშვილი, შ. რატიანი, შ. სააკაძე, მ. ტყეშელაშვილი ; შ. რუსთაველის სახ. ქართ. ლიტ-რის ისტორიის ინ-ტი.
264 _aთბილისი :
_bმეცნიერება,
_c1981.
300 _a107 გვ. ;
_b21 სმ.
653 _aქართული ჟურნალისტიკა.
653 _aქართული ჟურნალისტიკის ისტორია
700 _aჩხარტიშვილი, რ.
_eავტორი
_93447
700 _aრატიანი, შ.
_eავტორი
_93443
700 _aსააკაძე, შ.
_eავტორი
_93448
700 _aტყეშელაშვილი, მ.
_eავტორი
_93449
710 _aშ. რუსთაველის სახ. ქართ. ლიტ-რის ისტორიის ინ-ტი.
_93450
942 _cBK
_2udc